01654nam a22003857a 4500003000500000005001700005008004100022010001000063011001000073035001000083040000900093090001000102100005600112245017900168260003700347300004000384502008500424590003700509590004100546590004100587590004100628590004100669590004200710650003700752650002200789650002400811700004100835901000700876942000900883949004300892949005500935999001700990952013301007952012801140CHAP20220329141013.0971013s1996 r 00010 d a61151 a62123 a66297 cCHAP aTesis00aSánchez Espíndola, María del Rosario.9107500 aEstratégias de desarrollo para la empacadora de carnes frías de la Sociedad de Producción Rural de Responsabilidad Limitada La Michoacana, en Santa Ana Maya Michoacán aChapingo, Méx. El autor,c1996 a144 h.b: ilus. ; gráfs. ; anexos aTesis (Ing. Agroindustrial) -- UACH. Departamento de Ingeniería Agroindustrial aALEPHb10c20130110lUCH01h1340 aBATCH-UPDb10c20130110lUCH01h0201 aBATCH-UPDb10c20130110lUCH01h0831 aBATCH-UPDb10c20130409lUCH01h2210 aBATCH-UPDb10c20130914lUCH01h0850 aCONVERSIONb10c20130109lUCH01h133314aCarne de puerco en canal.91918814aEmbutidos.93650014aEmpacadoras.9365370 aVillafaña Robles, Eduardo.9119390 aBK cFOLL bBCcTESd-151471eTS1h29374i66297si bBCcTESd33724000621454eTS2fc.2h29373i66297si c61151d61151 00102local4053708TESISaBCbBCcPA_TESISd2019-12-31fTESISl0p33724000621454r2019-12-31 00:00:00tc.2w2019-12-31yTESIS 00102local4051708TESISaBCbBCcPA_TESISd2019-12-31fTESISl0oTesisp-151471r2019-12-31 00:00:00w2019-12-31yTESIS